000 00274nam a2200133Ia 4500
100 _aKumbhojkar/G.v
650 _aMathematics
942 _cBK
245 _aApplied Mathematics 1
260 _bC.Jamnadas and Co
_c2012
082 _bKUM
546 _aENGLISH
999 _c24018
_d24018